Estadísticas para Constelaciones

Haz click aquí para intentar la prueba.

Estadísticas generales

  • Esta prueba ha sido intentada 144 veces
  • La puntuación promedio es 28 de 88

Estadísticas de respuestas

Constellation% Correcto
Leo
85%
Taurus
85%
Ursa Major
82%
Cancer
81%
Gemini
79%
Sagitta
79%
Capricornus
78%
Libra
78%
Pisces
78%
Ursa Minor
78%
Virgo
77%
Aquarius
73%
Orion
73%
Aries
69%
Crux
69%
Scorpius
62%
Hydra
51%
Andromeda
50%
Hercules
46%
Eridanus
44%
Pegasus
44%
Centaurus
42%
Canis Major
41%
Serpens
41%
Aquila
36%
Draco
35%
Ara
29%
Lupus
29%
Triangulum
29%
Canis Minor
28%
Cassiopeia
28%
Cygnus
28%
Lepus
28%
Lynx
28%
Delphinus
26%
Lyra
26%
Perseus
26%
Phoenix
26%
Sagittarius
26%
Telescopium
26%
Vela
26%
Carina
24%
Boötes
23%
Hydrus
23%
Mensa
23%
Ophiuchus
23%
Leo Minor
22%
Columba
21%
Crater
21%
Dorado
21%
Grus
21%
Pavo
21%
Fornax
19%
Apus
18%
Cetus
18%
Monoceros
18%
Chamaeleon
17%
Microscopium
17%
Pyxis
17%
Tucana
17%
Camelopardalis
15%
Corvus
15%
Equuleus
15%
Horologium
15%
Antlia
14%
Auriga
14%
Lacerta
14%
Triangulum Australe
14%
Indus
13%
Musca
13%
Puppis
13%
Corona Australis
10%
Corona Borealis
10%
Norma
10%
Pictor
10%
Sculptor
10%
Sextans
10%
Caelum
9%
Canes Venatici
9%
Cepheus
9%
Coma Berenices
9%
Octans
9%
Scutum
9%
Vulpecula
9%
Piscis Austrinus
8%
Volans
8%
Circinus
6%
Reticulum
6%

Distribución de puntuación

Porcentaje por número respondido

Porcentaje de gente con cada puntuación

Historial de tus puntuaciones

No has intentado esta prueba.